Catálogo - Centro de Recursos para el Aprendizaje y la Investigación
Volver al Sitio - CRAI Biblioteca| 000 -CABECERA | |
|---|---|
| campo de control de longitud fija | 00873nam a2200241Ia 4500 |
| 001 - NÚMERO DE CONTROL | |
| campo de control | 34496 |
| 003 - IDENTIFICADOR DEL NÚMERO DE CONTROL | |
| campo de control | DR-UNIBE |
| 005 - FECHA Y HORA DE LA ÚLTIMA TRANSACCIÓN | |
| campo de control | 20251204151551.0 |
| 008 - DATOS DE LONGITUD FIJA--INFORMACIÓN GENERAL | |
| campo de control de longitud fija | 25120111986 dr spa |
| 040 ## - FUENTE DE LA CATALOGACIÓN | |
| Centro/agencia transcriptor | BIBLIOTECA UNIBE |
| Normas de descripción | rda |
| Centro catalogador/agencia de origen | BIBLIOTECA UNIBE |
| Lengua de catalogación | spa |
| 041 ## - CÓDIGO DE LENGUA | |
| Código de lengua del texto/banda sonora o título independiente | spa |
| 082 ## - NÚMERO DE LA CLASIFICACIÓN DECIMAL DEWEY | |
| Número de clasificación | F-RD 6012 |
| 100 #0 - ENTRADA PRINCIPAL--NOMBRE DE PERSONA | |
| Nombre de persona | Armenteros Rius, Enrique |
| 9 (RLIN) | 31301 |
| 245 0# - MENCIÓN DE TÍTULO | |
| Título | Situación forestal en República Dominicana : |
| Resto del título | documento base de discusión para la toma de decisiones / |
| Mención de responsabilidad, etc. | Enrique Armenteros Rius, Merilio G. Morell |
| 260 4# - PUBLICACIÓN, DISTRIBUCIÓN, ETC. | |
| Lugar de publicación, distribución, etc. | Santo Domingo : |
| Nombre del editor, distribuidor, etc. | Fundación Progressio, |
| Fecha de publicación, distribución, etc. | 1986 |
| 300 4# - DESCRIPCIÓN FÍSICA | |
| Extensión | 28 páginas |
| 490 ## - MENCIÓN DE SERIE | |
| Mención de serie | PROGRESSIO ; |
| Designación de volumen o secuencia | 2 |
| 650 #4 - PUNTO DE ACCESO ADICIONAL DE MATERIA--TÉRMINO DE MATERIA | |
| Término de materia o nombre geográfico como elemento de entrada | Forestación |
| Subdivisión geográfica | República Dominicana |
| 9 (RLIN) | 30958 |
| 650 #4 - PUNTO DE ACCESO ADICIONAL DE MATERIA--TÉRMINO DE MATERIA | |
| Término de materia o nombre geográfico como elemento de entrada | Reforestación |
| Subdivisión geográfica | República Dominicana |
| 9 (RLIN) | 31298 |
| 650 #4 - PUNTO DE ACCESO ADICIONAL DE MATERIA--TÉRMINO DE MATERIA | |
| Término de materia o nombre geográfico como elemento de entrada | Bosques |
| Subdivisión geográfica | República Dominicana |
| 9 (RLIN) | 29736 |
| 700 ## - PUNTO DE ACCESO ADICIONAL--NOMBRE DE PERSONA | |
| Nombre de persona | Morell, Merilio G |
| 9 (RLIN) | 31297 |
| 942 ## - ELEMENTOS DE PUNTO DE ACCESO ADICIONAL (KOHA) | |
| Fuente del sistema de clasificación o colocación | Sistema de Clasificación Decimal Dewey |
| Tipo de ítem Koha | Folleto |
| Estado de retiro | Estado de pérdida | Fuente del sistema de clasificación o colocación | Estado dañado | No para préstamo | Código de colección | Localización permanente | Fecha de adquisición | Total de préstamos | Signatura topográfica completa | Código de barras | Fecha visto por última vez | Número de copia | Precio válido a partir de | Tipo de ítem Koha |
|---|---|---|---|---|---|---|---|---|---|---|---|---|---|---|
| Disponible | Sistema de Clasificación Decimal Dewey | Folletos - Dominicanos | Biblioteca Central UNIBE | 01/10/2025 | F-RD 6012 | F250172 | 04/12/2025 | Ej. 1 | 04/12/2025 | Folleto |